Electrophoretic characterisation of Hevein (Record no. 58539)

MARC details
000 -LEADER
fixed length control field 00684nam a2200265Ia 4500
100 ## - MAIN ENTRY--AUTHOR NAME
Personal name Yeang H Y
245 #0 - TITLE STATEMENT
Title Electrophoretic characterisation of Hevein
260 ## - PUBLICATION, DISTRIBUTION, ETC. (IMPRINT)
Name of publisher Journal of Rubber Research
Year of publication 2007
300 ## - PHYSICAL DESCRIPTION
Number of Pages 235-244
520 ## - SUMMARY, ETC.
Summary, etc DL
650 ## - SUBJECT ADDED ENTRY--TOPICAL TERM
Topical Term Carbohydrate
650 ## - SUBJECT ADDED ENTRY--TOPICAL TERM
Topical Term Glutaraldehyde fixation
650 ## - SUBJECT ADDED ENTRY--TOPICAL TERM
Topical Term Hevein
650 ## - SUBJECT ADDED ENTRY--TOPICAL TERM
Topical Term Lectin
650 ## - SUBJECT ADDED ENTRY--TOPICAL TERM
Topical Term Phosphotungstic acid fixation
650 ## - SUBJECT ADDED ENTRY--TOPICAL TERM
Topical Term SDS-polyacrylamide gel electrophoresis
650 ## - SUBJECT ADDED ENTRY--TOPICAL TERM
Topical Term Tricine buffer
650 ## - SUBJECT ADDED ENTRY--TOPICAL TERM
Topical Term Western blot
700 ## - ADDED ENTRY--PERSONAL NAME
Personal name Arif S A M
700 ## - ADDED ENTRY--PERSONAL NAME
Personal name Chew N P
700 ## - ADDED ENTRY--PERSONAL NAME
Personal name Loke Y H
700 ## - ADDED ENTRY--PERSONAL NAME
Personal name Mohsin S M
942 ## - ADDED ENTRY ELEMENTS (KOHA)
Koha item type Journals
Holdings
Withdrawn status Lost status Damaged status Not for loan Home library Current library Shelving location Date acquired Serial Enumeration / chronology Koha item type
      Journals RRII Library RRII Library Rubber technology 17/04/2008 Volume 10, Issue 4 Journals